| 000 | 01147nam a22002657a 4500 | ||
|---|---|---|---|
| 003 | PE SENCICO BE | ||
| 005 | 20251020182638.0 | ||
| 008 | 230607b |||||||| |||| 00| 0 eng d | ||
| 040 |
_aPE SENCICO BE _cPE SENCICO BE |
||
| 041 | _aspa | ||
| 084 |
_aI _aGEO _a2016 _bR21 |
||
| 100 | 1 |
_91127 _aRamírez Trujillo, Nibardo _eautor |
|
| 245 | 1 |
_aCarretera Cáclic-Luya-Lamud, región Amazonas, identificación y evaluación de áreas o predios afectados por ampliación de la carretera / _cNibardo Ramírez Trujillo |
|
| 260 |
_aLima : _c2016 |
||
| 300 |
_a52 h. : _bdiagrs., tabls., il. col. ; _c29 cm. |
||
| 502 | _aMonografía de Titulación.-- Servicio Nacional de Capacitación para la Industria de la Construcción. Escuela Superior Técnica. Carrera Profesional Técnica en Geomática, 2016. | ||
| 504 | _aBibliografía. h. 51-52. | ||
| 650 | 1 | 4 |
_91071 _aGeomática |
| 650 | 2 | 4 |
_9352 _aCarreteras |
| 650 | 2 | 0 |
_91128 _aInspección de carreteras |
| 651 | 0 |
_9661 _aPerú |
|
| 710 | 1 |
_aServicio Nacional de Capacitación para la Industria de la Construcción. _bEscuela Superior Técnica _91065 |
|
| 910 |
_bhfp _chfp |
||
| 942 |
_cMON _2ddc |
||
| 999 |
_c4185 _d4185 |
||